000 00514nam a2200193Ia 4500
005 20250326141242.0
008 250326s9999 xx 000 0 und d
020 _a0-13-051559-0
037 _aTextbook
040 _aFMSL
_beng
_cFMSL
041 _aeng
_2eng
084 _aX:8D N3
_qFMSL
100 _aKolb R W
_9295697
245 0 _aFicial derivatives
_cKolb R W
260 _aNew York
_bNew York, Institute of Fice
_c1993
300 _a208p
942 _cTB
_hX:8D N3
999 _c1289436
_d1289436